MARC details
| 000 -LEADER |
| fixed length control field |
01444cam a2200337Ii 4500 |
| 001 - CONTROL NUMBER |
| control field |
16882251 |
| 003 - CONTROL NUMBER IDENTIFIER |
| control field |
OSt |
| 005 - DATE AND TIME OF LATEST TRANSACTION |
| control field |
20190214203609.0 |
| 008 - FIXED-LENGTH DATA ELEMENTS--GENERAL INFORMATION |
| fixed length control field |
871021s1971 nyu d 000 0 eng d |
| 020 ## - INTERNATIONAL STANDARD BOOK NUMBER |
| International Standard Book Number |
3438051133 |
| 035 ## - SYSTEM CONTROL NUMBER |
| System control number |
tcgc174828 |
| 040 ## - CATALOGING SOURCE |
| Original cataloging agency |
BCT |
| Language of cataloging |
eng |
| Description conventions |
rda |
| Transcribing agency |
BCT |
| Modifying agency |
STU |
| 041 0# - LANGUAGE CODE |
| Language code of text/sound track or separate title |
enggrc |
| 082 ## - DEWEY DECIMAL CLASSIFICATION NUMBER |
| Classification number |
REF 225.4 |
| 090 ## - LOCALLY ASSIGNED LC-TYPE CALL NUMBER (OCLC); LOCAL CALL NUMBER (RLIN) |
| Classification number (OCLC) (R) ; Classification number, CALL (RLIN) (NR) |
BS2312 |
| Local cutter number (OCLC) ; Book number/undivided call number, CALL (RLIN) |
.N4 |
| 100 1# - MAIN ENTRY--PERSONAL NAME |
| Personal name |
Newman, Barclay Moon, |
| Dates associated with a name |
1931- |
| Authority record control number or standard number |
http://id.loc.gov/authorities/names/n80146604 |
| 245 12 - TITLE STATEMENT |
| Title |
A concise Greek-English dictionary of the New Testament / |
| Statement of responsibility, etc. |
prepared by Barclay M. Newman, Jr. |
| 264 #1 - PRODUCTION, PUBLICATION, DISTRIBUTION, MANUFACTURE, AND COPYRIGHT NOTICE |
| Place of production, publication, distribution, manufacture |
[New York] : |
| Name of producer, publisher, distributor, manufacturer |
United Bible Societies, |
| Date of production, publication, distribution, manufacture, or copyright notice |
[1971] |
| 264 #3 - PRODUCTION, PUBLICATION, DISTRIBUTION, MANUFACTURE, AND COPYRIGHT NOTICE |
| Date of production, publication, distribution, manufacture, or copyright notice |
[1986?] |
| 264 #4 - PRODUCTION, PUBLICATION, DISTRIBUTION, MANUFACTURE, AND COPYRIGHT NOTICE |
| Date of production, publication, distribution, manufacture, or copyright notice |
©1971 |
| 300 ## - PHYSICAL DESCRIPTION |
| Extent |
4 unnumbered pages, 203 pages ; |
| Dimensions |
20 cm |
| 336 ## - CONTENT TYPE |
| Content type term |
text |
| Content type code |
txt |
| Source |
rdacontent |
| 337 ## - MEDIA TYPE |
| Media type term |
unmediated |
| Media type code |
n |
| Source |
rdamedia |
| 338 ## - CARRIER TYPE |
| Carrier type term |
volume |
| Carrier type code |
nc |
| Source |
rdacarrier |
| 500 ## - GENERAL NOTE |
| General note |
"Designed for use in conjunction with the United Bible Societies' Greek New Testament."--Pref. |
| 501 ## - WITH NOTE |
| With note |
With: The Greek New Testament / edited by Kurt Aland ... [et al.]. 3rd ed. (corr.). c1983. |
| 630 00 - SUBJECT ADDED ENTRY--UNIFORM TITLE |
| Uniform title |
Bible. |
| Name of part/section of a work |
New Testament |
| Authority record control number or standard number |
http://id.loc.gov/authorities/subjects/sh96011928 |
| Form subdivision |
Dictionaries |
| Authority record control number or standard number |
http://id.loc.gov/authorities/subjects/sh99001671 |
| General subdivision |
Greek. |
| 650 #0 - SUBJECT ADDED ENTRY--TOPICAL TERM |
| Topical term or geographic name entry element |
Greek language, Biblical |
| Form subdivision |
Dictionaries |
| General subdivision |
English. |
| Authority record control number or standard number |
http://id.loc.gov/authorities/subjects/sh2008105405 |
| 655 #7 - INDEX TERM--GENRE/FORM |
| Genre/form data or focus term |
Dictionaries. |
| Source of term |
lcgft |
| Authority record control number or standard number |
http://id.loc.gov/authorities/genreForms/gf2014026086 |
| 942 ## - ADDED ENTRY ELEMENTS (KOHA) |
| Source of classification or shelving scheme |
Dewey Decimal Classification |
| Koha item type |
Reference |